مكتبة جامعة عجلون الوطنية

فهرس بحث المكتبة

الاقتصاد الزراعي النظرية والتطبيق / (Record no. 33177)

MARC details
000 -LEADER
fixed length control field 00736nam a22002297a 4500
003 - CONTROL NUMBER IDENTIFIER
control field JO-AjAnu
005 - DATE AND TIME OF LATEST TRANSACTION
control field 20231202092141.0
008 - FIXED-LENGTH DATA ELEMENTS--GENERAL INFORMATION
fixed length control field 231128b jo ||||| |||| 00| 0 ara d
015 ## - NATIONAL BIBLIOGRAPHY NUMBER
Source 2018/9/4424
020 ## - INTERNATIONAL STANDARD BOOK NUMBER
International Standard Book Number 9789957719852
040 ## - CATALOGING SOURCE
Original cataloging agency JO-AjAnu
Language of cataloging ARA
Transcribing agency JO-AjAnu
041 ## - LANGUAGE CODE
Language code of text/sound track or separate title ARA
050 ## - LIBRARY OF CONGRESS CALL NUMBER
Classification number HD1491
-- 2019
100 #1 - MAIN ENTRY--PERSONAL NAME
Personal name العتابي، رعد عيدان
9 (RLIN) 64502
Relator term مؤلف
245 21 - TITLE STATEMENT
Title الاقتصاد الزراعي النظرية والتطبيق /
Statement of responsibility, etc. رعد عيدان العتابي
250 ## - EDITION STATEMENT
Edition statement الطبعة الاولى
260 ## - PUBLICATION, DISTRIBUTION, ETC.
Place of publication, distribution, etc. عمان :
Name of publisher, distributor, etc. دار دجلة،
Date of publication, distribution, etc. 2019
300 ## - PHYSICAL DESCRIPTION
Extent 280صفحة
500 ## - GENERAL NOTE
General note متاح للجميع
650 70 - SUBJECT ADDED ENTRY--TOPICAL TERM
Topical term or geographic name entry element الاقتصاد الزراعي
9 (RLIN) 36978
942 ## - ADDED ENTRY ELEMENTS (KOHA)
Source of classification or shelving scheme Library of Congress Classification
Koha item type Books
Suppress in OPAC No
Holdings
Withdrawn status Lost status Source of classification or shelving scheme Damaged status Not for loan Home library Current library Date acquired Total Checkouts Full call number Barcode Date last seen Price effective from Koha item type
    Library of Congress Classification     مكتبة جامعة عجلون الوطنية مكتبة جامعة عجلون الوطنية 28/11/2023   HD1491.2019 A29637 28/11/2023 28/11/2023 Books
    Library of Congress Classification     مكتبة جامعة عجلون الوطنية مكتبة جامعة عجلون الوطنية 28/11/2023   HD1491.2019 A29636 28/11/2023 28/11/2023 Books